Statistics for Countries Of The World In Alphabetical Order

Click here to take the quiz!

General Stats

  • This quiz has been taken 45 times
    (26 since last reset)
  • The average score is 165 of 196

Answers on the Map

Answers color-coded by a green-red scale on the quiz's map according to % correct below.
 

Answer Stats

Answer% Correct
Afghanistan
100%
Albania
93%
Algeria
93%
Andorra
93%
Angola
93%
Argentina
86%
Armenia
86%
Australia
86%
Austria
86%
Azerbaijan
86%
Bahamas
86%
Bahrain
86%
Bangladesh
86%
Barbados
86%
Belarus
86%
Belgium
86%
Belize
86%
Benin
86%
Bhutan
86%
Bolivia
86%
Bosnia And Herzegovina
86%
Botswana
86%
Brunei
86%
Bulgaria
86%
Burkina Faso
86%
Burundi
86%
Cambodia
86%
Cameroon
86%
Canada
86%
Cape Verde
86%
Chad
86%
Chile
86%
China
86%
Colombia
86%
Comoros
86%
Costa Rica
86%
Croatia
86%
Cuba
86%
Cyprus
86%
Czech Republic
86%
Democratic Republic Of The Congo
86%
Denmark
86%
Djibouti
86%
Dominica
86%
Dominican Republic
86%
East Timor
86%
Egypt
86%
El Salvador
86%
Equatorial Guinea
86%
Eritrea
86%
Estonia
86%
Eswatini
86%
Ethiopia
86%
Federated States of Micronesia
86%
Fiji
86%
Finland
86%
France
86%
Gabon
86%
Georgia
86%
Germany
86%
Ghana
86%
Greece
86%
Guatemala
86%
Guinea
86%
Guinea-Bissau
86%
Guyana
86%
Haiti
86%
Honduras
86%
Hungary
86%
Iceland
86%
India
86%
Indonesia
86%
Iran
86%
Iraq
86%
Ireland
86%
Israel
86%
Italy
86%
Jamaica
86%
Jordan
86%
Kazakhstan
86%
Kenya
86%
Kiribati
86%
Kosovo
86%
Kuwait
86%
Kyrgyzstan
86%
Laos
86%
Latvia
86%
Lesotho
86%
Liberia
86%
Libya
86%
Liechtenstein
86%
Lithuania
86%
Madagascar
86%
Malawi
86%
Malaysia
86%
Maldives
86%
Mali
86%
Malta
86%
Marshall Islands
86%
Mauritania
86%
Mauritius
86%
Mexico
86%
Moldova
86%
Monaco
86%
Mongolia
86%
Montenegro
86%
Morocco
86%
Mozambique
86%
Myanmar
86%
Namibia
86%
Nauru
86%
Nepal
86%
Netherlands
86%
Nicaragua
86%
North Korea
86%
North Macedonia
86%
Norway
86%
Oman
86%
Pakistan
86%
Palau
86%
Panama
86%
Papua New Guinea
86%
Paraguay
86%
Peru
86%
Philippines
86%
Poland
86%
Portugal
86%
Romania
86%
Rwanda
86%
Samoa
86%
San Marino
86%
São Tomé and Príncipe
86%
Saudi Arabia
86%
Senegal
86%
Serbia
86%
Slovakia
86%
Slovenia
86%
Solomon Islands
86%
Somalia
86%
South Africa
86%
South Korea
86%
South Sudan
86%
Spain
86%
Sri Lanka
86%
Sudan
86%
Suriname
86%
Sweden
86%
Switzerland
86%
Syria
86%
Taiwan
86%
Tajikistan
86%
Thailand
86%
Togo
86%
Antigua And Barbuda
79%
Brazil
79%
Central African Republic
79%
Ecuador
79%
Gambia
79%
Grenada
79%
Japan
79%
Lebanon
79%
Luxembourg
79%
Niger
79%
Nigeria
79%
Qatar
79%
Russia
79%
Saint Kitts And Nevis
79%
Saint Lucia
79%
Saint Vincent And The Grenadines
79%
Seychelles
79%
Singapore
79%
Tonga
79%
Tunisia
79%
Turkey
79%
Turkmenistan
79%
Tuvalu
79%
Uganda
79%
Ukraine
79%
United Arab Emirates
79%
United Kingdom
79%
United States
79%
Uruguay
79%
Uzbekistan
79%
Vanuatu
79%
Venezuela
79%
Vietnam
79%
Yemen
79%
Zambia
79%
Zimbabwe
79%
Ivory Coast
71%
New Zealand
71%
Republic Of The Congo
71%
Sierra Leone
71%
Tanzania
71%
Vatican City
71%
Trinidad And Tobago
64%

Score Distribution

Percentile by Number Answered

Percent of People with Each Score

Your Score History

You have not taken this quiz since the last reset